| 000 | 01075nas a2200301 4500 | ||
|---|---|---|---|
| 001 | BR9206086 | ||
| 003 | BR-BrBNA | ||
| 005 | 20231205092903.0 | ||
| 007 | ta | ||
| 008 | 230509b bl.|||p| |||| 00| 00por d | ||
| 040 |
_aBR-BrBNA _bpor _cBiblioteca Nacional de Agricultura |
||
| 041 | _a(Pt) | ||
| 072 | _aT01 | ||
| 100 | 1 | _aBaumgarten, M. da G.Z. | |
| 100 | 1 | _aNiencheski, L.F. | |
| 245 | 1 | _aAvaliacao da capacidade bioindicadora de Balanus improvisus para os metais chumbo, cobre e manganes presentes no estuario da lagoa dos Patos, Rio Grande do Sul, Brasil | |
| 246 | 1 | _aAvaliation of the capacity of Balanus improvisus as a bioindicator of lead, copper and manganese in the estuary of lagoa dos Patos, Rio Grande do Sul, Brazil | |
| 650 | _aCRUSTACEO | ||
| 650 | _aPOLUICAO | ||
| 650 | _aCOBRE | ||
| 650 | _aCHUMBO | ||
| 650 | _aMANGANES | ||
| 650 | _aESTUARIO | ||
| 650 | _aRIO GRANDE DO SUL | ||
| 773 | 0 |
_tAtlantica (Brazil) _xISSN 0102-1656 _g(1990), v. 12(2) p. 5-19 _wBR9206086 |
|
| 909 |
_a202311 _bLúcia _c55 _dLúcia Elande |
||
| 942 |
_2AGRIS _n0 _cANA |
||
| 999 |
_c134889 _d134889 |
||